000 00277nam a22001217a 4500
008 230704b xxu||||| |||| 00| 0 eng d
082 _a342.968
_bZIM
100 _cZimbabwe
245 _aConstitution of Zimbabwe
260 _aZimbabwe
_c1985
300 _a108p
942 _2ddc
_cBK
999 _c3632
_d3632